[Event "Australian Reserves"]
[Site "Adelaide"]
[Date "2004.01.06"]
[Round "8.30"]
[White "Escribano, Jose"]
[Black "Arocha, Leandro"]
[Result "0-1"]
[WhiteElo "1573"]
[BlackElo "1545"]
[PlyCount "82"]
[EventDate "2003.12.29"]
[EventType "swiss"]
[EventRounds "11"]
[EventCountry "AUS"]

1. e4 d6 2. Nf3 Nf6 3. Nc3 g6 4. h3 a6 5. a4 Bg7 6. d4 O-O 7. Be3 Nc6 8. Be2
Re8 9. O-O e5 10. dxe5 Nxe5 11. Bg5 h6 12. Be3 Bd7 13. Qd2 Kh7 14. Nh2 Bc6 15.
f4 Ned7 16. f5 g5 17. Bxg5 hxg5 18. Qxg5 Nxe4 19. Qh5+ Kg8 20. Nxe4 Rxe4 21.
Ng4 Nf6 22. Nh6+ Bxh6 23. Qxh6 Rxe2 24. Qg5+ Kf8 25. Qh6+ Ke7 26. Rae1 Rxe1 27.
Rxe1+ Kd7 28. g4 Qh8 29. Qxh8 Rxh8 30. g5 Rxh3 31. g6 fxg6 32. Re6 gxf5 33.
Rxf6 Bxa4 34. b3 Bxb3 35. cxb3 Rxb3 36. Rxf5 Rb2 37. Kf1 c5 38. Ke1 b5 39. Kd1
a5 40. Kc1 Rg2 41. Rf7+ Kc6 0-1

[Event "Australian Reserves"]
[Site "Adelaide"]
[Date "2004.01.06"]
[Round "8.10"]
[White "Davis, Tony J"]
[Black "Malik, Hani"]
[Result "0-1"]
[WhiteElo "1748"]
[BlackElo "1946"]
[PlyCount "102"]
[EventDate "2003.12.29"]
[EventType "swiss"]
[EventRounds "11"]
[EventCountry "AUS"]

1. d4 d5 2. c4 c6 3. Nc3 Nf6 4. Bg5 Nbd7 5. e3 Qa5 6. Bh4 Ne4 7. f3 Nxc3 8. Qd2
b6 9. bxc3 Ba6 10. e4 dxc4 11. Nh3 h6 12. f4 e6 13. Be2 Be7 14. Bxe7 Kxe7 15.
O-O Rhd8 16. Qe3 c5 17. f5 cxd4 18. cxd4 e5 19. f6+ Nxf6 20. Qg3 Rxd4 21. Qxg7
Rd6 22. Bh5 Rf8 23. Rf5 c3 24. Nf4 Qc5+ 25. Kh1 c2 26. Ng6+ Kd7 27. Nxf8+ Kc6
28. Qxh6 Nxh5 29. Qc1 Rd1+ 30. Qxd1 cxd1=Q+ 31. Rxd1 Be2 32. Nd7 Qc2 33. Nxe5+
Kb7 34. Rxf7+ Ka6 35. Rg1 Qxe4 36. Nd7 Qg6 37. Nb8+ Kb5 38. a4+ Kb4 39. Nc6+
Qxc6 40. Rb1+ Ka3 41. Rxa7 Nf4 42. Rg7 Nxg2 43. Rxg2 Bf3 44. Ra1+ Kb4 45. Rb1+
Kxa4 46. Ra1+ Kb5 47. Rag1 Ka6 48. h3 b5 49. Kh2 Bxg2 50. Rxg2 b4 51. h4 Qxg2+
0-1

[Event "Australian Reserves"]
[Site "Adelaide"]
[Date "2004.01.06"]
[Round "8.14"]
[White "Flitney, Adrian"]
[Black "Ghobrial, Adel"]
[Result "1-0"]
[WhiteElo "1876"]
[BlackElo "1570"]
[PlyCount "139"]
[EventDate "2003.12.29"]
[EventType "swiss"]
[EventRounds "11"]
[EventCountry "AUS"]

1. e4 c5 2. d4 cxd4 3. c3 Nc6 4. Nf3 e5 5. cxd4 exd4 6. Bc4 Bb4+ 7. Bd2 Bxd2+
8. Nbxd2 d6 9. O-O Nf6 10. Re1 O-O 11. Nb3 Bg4 12. Nbxd4 Nxd4 13. Qxd4 Bxf3 14.
gxf3 Rc8 15. Kh1 Qb6 16. Qxb6 axb6 17. Bb3 Nh5 18. Red1 Rfd8 19. Kg2 Kf8 20.
Rd2 Ke7 21. Rad1 f6 22. Kh3 g5 23. Kg4 Nf4 24. h4 h6 25. hxg5 hxg5 26. Rh1 Rh8
27. Rxh8 Rxh8 28. Rc2 Ne6 29. Bxe6 Kxe6 30. Rc7 Ra8 31. a3 Ra7 32. f4 gxf4 33.
Kxf4 d5 34. exd5+ Kxd5 35. Kf5 b5 36. Rd7+ Kc6 37. Rf7 Ra4 38. Rxf6+ Kc7 39.
Ke5 b4 40. Rf3 bxa3 41. Rxa3 Rh4 42. Rc3+ Kd7 43. Rd3+ Kc6 44. f4 Rh2 45. b3 b5
46. f5 Re2+ 47. Kd4 Rf2 48. Ke4 Re2+ 49. Re3 Rh2 50. Ke5 Rh8 51. Rc3+ Kd7 52.
Rd3+ Kc6 53. f6 Re8+ 54. Kf5 Re1 55. Rd4 Re8 56. f7 Rf8 57. Ke6 Ra8 58. Ke7
Ra7+ 59. Kf6 Ra8 60. Kg7 Kc5 61. Rg4 Ra7 62. Kg8 Rxf7 63. Kxf7 b4 64. Ke6 Kb5
65. Kd6 Ka5 66. Kc6 Ka6 67. Rxb4 Ka7 68. Rb5 Ka6 69. b4 Ka7 70. Kc7 1-0

[Event "Australian Reserves"]
[Site "Adelaide"]
[Date "2004.01.06"]
[Round "8.13"]
[White "McColl, Kevin"]
[Black "Murray, Russell"]
[Result "1-0"]
[WhiteElo "1881"]
[BlackElo "1727"]
[PlyCount "84"]
[EventDate "2003.12.29"]
[EventType "swiss"]
[EventRounds "11"]
[EventCountry "AUS"]

1. e4 e5 2. Nf3 Nf6 3. d4 Nxe4 4. Bd3 d5 5. Nxe5 Bd6 6. O-O O-O 7. Nc3 Nxc3 8.
bxc3 Nd7 9. f4 Nf6 10. Qe1 Re8 11. Rb1 Ne4 12. c4 c6 13. cxd5 cxd5 14. c4 Nf6
15. cxd5 Nxd5 16. Bxh7+ Kxh7 17. Qe4+ Kg8 18. Qxd5 Bxe5 19. Qxd8 Rxd8 20. dxe5
b6 21. Be3 Bf5 22. Rb3 Rd3 23. Rxd3 Bxd3 24. Rc1 b5 25. Rc7 a5 26. g4 a4 27.
Bc5 Be2 28. h3 Bc4 29. a3 g6 30. Kf2 Be6 31. Rb7 Bc4 32. Ke3 Kg7 33. Bd4 Kg8
34. f5 gxf5 35. gxf5 Rd8 36. h4 Bf1 37. h5 Bh3 38. e6 fxe6 39. f6 Rd5 40. f7+
Kf8 41. Bc3 Rf5 42. Bb4+ Kg7 1-0

[Event "Australian Reserves"]
[Site "Adelaide"]
[Date "2004.01.06"]
[Round "8.17"]
[White "Peters, Duncan"]
[Black "Stokes, Mark C"]
[Result "1-0"]
[WhiteElo "1887"]
[BlackElo "1530"]
[PlyCount "79"]
[EventDate "2003.12.29"]
[EventType "swiss"]
[EventRounds "11"]
[EventCountry "AUS"]

1. e4 e6 2. Nf3 c5 3. d4 cxd4 4. c3 dxc3 5. Nxc3 Nc6 6. Bd3 a6 7. O-O b5 8. Re1
Bc5 9. Bg5 Nge7 10. Rc1 f6 11. Bf4 Qb6 12. Bg3 O-O 13. a3 Ng6 14. b4 Be7 15.
Qc2 Bb7 16. Ne2 Rac8 17. Qb3 Kh8 18. Nf4 Nxf4 19. Bxf4 Nd4 20. Nxd4 Qxd4 21.
Be3 Qe5 22. f3 Rxc1 23. Bxc1 Rc8 24. Bb2 Qf4 25. Qd1 d5 26. e5 fxe5 27. Bxe5
Qf7 28. Qe2 Rc6 29. f4 Bd6 30. Rf1 Bxe5 31. fxe5 Qe8 32. Qh5 g6 33. Qh6 Kg8 34.
h4 Rc7 35. h5 gxh5 36. Rf3 Rg7 37. Bxh7+ Rxh7 38. Rg3+ Kh8 39. Qf6+ Rg7 40.
Qxg7# 1-0

[Event "Australian Reserves"]
[Site "Adelaide"]
[Date "2004.01.08"]
[Round "9.1"]
[White "Hare, Tim"]
[Black "Harp, Joel"]
[Result "1-0"]
[WhiteElo "1915"]
[BlackElo "1845"]
[Annotator "Wedding,Robin"]
[PlyCount "111"]
[EventDate "2003.12.29"]
[EventType "swiss"]
[EventRounds "11"]
[EventCountry "AUS"]

1. Nf3 c5 2. g3 Nc6 3. Bg2 g6 4. O-O Bg7 5. d3 e6 6. c4 Nge7 7. Nc3 d5 8. Rb1
O-O 9. Bg5 h6 10. Bd2 b6 11. a3 d4 12. Na4 Qd6 13. b4 Rb8 14. Rb2 e5 15. Qc2
Be6 16. Rfb1 Rbc8 17. bxc5 bxc5 18. Rb7 Rb8 19. R7b5 a6 20. Rxb8 Rxb8 21. Rxb8+
Nxb8 22. Qb3 Nd7 23. Ba5 Nc6 24. Bb6 f5 25. Nd2 Bf8 26. Qb1 Bf7 27. Nb3 Nxb6
28. Nxb6 e4 29. dxe4 Ne5 30. Nd2 fxe4 31. Bxe4 g5 32. Nd5 Qd8 33. Qb6 Qxb6 34.
Nxb6 Kg7 35. a4 Bd6 36. a5 Kf8 37. Bb7 Ke8 38. Bxa6 Bc7 39. Bb5+ Kd8 40. h3 Be6
41. Kg2 Bf5 42. Nb3 d3 43. exd3 Nxd3 44. Bc6 Ne5 45. Bd5 Nd3 46. Na4 Nb4 47.
Naxc5 Nxd5 48. cxd5 Ke7 49. a6 Bb6 50. g4 Bc2 51. Nd4 Bh7 52. Nc6+ Kd6 53. Nb7+
Kc7 54. Kf3 Bd3 55. Nb4 Bc4 56. d6+ {further moves illegible} 1-0

[Event "Australian Reserves"]
[Site "Adelaide"]
[Date "2004.01.08"]
[Round "9.2"]
[White "Pengelley, Justin"]
[Black "Cowley, Robert G"]
[Result "0-1"]
[WhiteElo "1834"]
[BlackElo "2022"]
[PlyCount "106"]
[EventDate "2003.12.29"]
[EventType "swiss"]
[EventRounds "11"]
[EventCountry "AUS"]

1. e4 c5 2. Nf3 e6 3. c3 d5 4. exd5 Qxd5 5. d4 Nf6 6. Bd3 cxd4 7. cxd4 Nc6 8.
O-O Be7 9. Nc3 Qd6 10. Qe2 O-O 11. Rd1 Bd7 12. a3 Rad8 13. b4 g6 14. Bb2 Nd5
15. Ne4 Qb8 16. b5 Na5 17. Ne5 b6 18. Rac1 Qb7 19. h4 f6 20. Nxd7 Qxd7 21. g3
Rc8 22. Rxc8 Rxc8 23. h5 Kg7 24. Kg2 f5 25. Nd2 Nc3 26. Bxc3 Rxc3 27. hxg6 hxg6
28. Nf3 Bf6 29. Rh1 Nb3 30. Qe3 Qd5 31. Kg1 g5 32. Rh5 Nxd4 33. Nxg5 Rxd3 34.
Qxd3 Bxg5 35. Qc3 Kg6 36. Rxg5+ Kxg5 37. Qe3+ Kg6 38. a4 Nf3+ 39. Kf1 Nd2+ 40.
Kg1 Ne4 41. Qf4 Qd2 42. Qf3 Qxf2+ 43. Qxf2 Nxf2 44. Kxf2 Kg5 45. Ke3 Kg4 46.
Kd4 Kxg3 47. Ke5 f4 48. Kxe6 f3 49. Kd6 f2 50. Kc7 f1=Q 51. Kb7 Qf7+ 52. Ka6
Kf4 53. a5 bxa5 0-1

[Event "Australian Reserves"]
[Site "Adelaide"]
[Date "2004.01.08"]
[Round "9.3"]
[White "Lip, Michael"]
[Black "Fry, Peter"]
[Result "1/2-1/2"]
[WhiteElo "1964"]
[BlackElo "1696"]
[PlyCount "70"]
[EventDate "2003.12.29"]
[EventType "swiss"]
[EventRounds "11"]
[EventCountry "AUS"]

1. Nf3 d5 2. g3 Nf6 3. Bg2 Bf5 4. d4 e6 5. O-O h6 6. c4 c6 7. Nc3 Be7 8. b3 O-O
9. Ne5 Nbd7 10. Bb2 Bh7 11. Re1 Qc7 12. Nxd7 Qxd7 13. e3 Rfe8 14. Qe2 Rad8 15.
Rad1 Qc7 16. Kh1 Bf8 17. f3 Qa5 18. a3 dxc4 19. Qxc4 Qh5 20. e4 a6 21. Ne2 Qb5
22. Qxb5 axb5 23. b4 Nd7 24. Nf4 Nb6 25. Bf1 Re7 26. Ng2 Red7 27. Ne3 Bg6 28.
Kg1 Be7 29. Ng4 f6 30. Ne3 Bf7 31. Kf2 Bd6 32. Rd2 Bb8 33. Red1 Ba7 34. Bh3 Rd6
35. Ke1 Nc4 1/2-1/2

[Event "Australian Reserves"]
[Site "Adelaide"]
[Date "2004.01.08"]
[Round "9.4"]
[White "Sonter, Matthew"]
[Black "Guthrie, Aaron"]
[Result "1-0"]
[WhiteElo "1794"]
[BlackElo "1927"]
[PlyCount "41"]
[EventDate "2003.12.29"]
[EventType "swiss"]
[EventRounds "11"]
[EventCountry "AUS"]

1. e4 c5 2. Nf3 e6 3. d4 cxd4 4. Nxd4 d6 5. Nc3 a6 6. f4 Nf6 7. Qf3 Qb6 8. Nb3
Nc6 9. Bd3 Qc7 10. g4 b5 11. g5 Nd7 12. Be3 Bb7 13. Qh3 b4 14. Ne2 Ne7 15.
O-O-O O-O-O 16. Kb1 Nc5 17. Ng3 Kb8 18. Rhe1 g6 19. Bd4 Rg8 20. Nxc5 e5 21.
Nxb7 1-0

[Event "Australian Reserves"]
[Site "Adelaide"]
[Date "2004.01.08"]
[Round "9.5"]
[White "Pyke, Malcolm L"]
[Black "Dragicevic, Domagoj"]
[Result "1-0"]
[WhiteElo "1914"]
[BlackElo "1895"]
[PlyCount "103"]
[EventDate "2003.12.29"]
[EventType "swiss"]
[EventRounds "11"]
[EventCountry "AUS"]

1. Nf3 Nf6 2. g3 g6 3. Bg2 Bg7 4. O-O O-O 5. c4 d6 6. Nc3 c6 7. Rb1 e5 8. d3
Ne8 9. b4 f5 10. Qb3 Kh8 11. b5 Qc7 12. Bd2 Nd7 13. Rfc1 Nc5 14. Qd1 h6 15. Be3
Ne6 16. Nh4 Kh7 17. Bxa7 Bf6 18. bxc6 bxc6 19. Bb6 Qd7 20. Nf3 Kg7 21. a4 g5
22. e4 f4 23. d4 exd4 24. Nxd4 Nxd4 25. Bxd4 Ra6 26. c5 dxc5 27. Bxc5 Qxd1+ 28.
Nxd1 Rf7 29. Rb4 fxg3 30. hxg3 Rb7 31. Rcb1 Rxb4 32. Rxb4 Bg4 33. Ne3 Be2 34.
Rb7+ Kg6 35. e5 Bxe5 36. Re7 Rxa4 37. Rxe5 Nf6 38. Bxc6 Ra2 39. Be7 Kf7 40.
Bxf6 Kxf6 41. Rf5+ Kg7 42. Bf3 Bd3 43. Rd5 Ra3 44. Rd7+ Kh8 45. Kg2 Bb5 46. Rd6
Ra6 47. Rxa6 Bxa6 48. Bh5 Bb7+ 49. Kf1 Kg7 50. Ke2 Bc6 51. Kd3 Bd7 52. Kd4 1-0

[Event "Australian Reserves"]
[Site "Adelaide"]
[Date "2004.01.08"]
[Round "9.6"]
[White "Malik, Hani"]
[Black "Flitney, Adrian"]
[Result "0-1"]
[WhiteElo "1946"]
[BlackElo "1876"]
[PlyCount "105"]
[EventDate "2003.12.29"]
[EventType "swiss"]
[EventRounds "11"]
[EventCountry "AUS"]

1. e4 d5 2. exd5 Nf6 3. d4 Nxd5 4. c4 Nb6 5. Nf3 Bg4 6. c5 N6d7 7. h3 Bxf3 8.
Qxf3 Nc6 9. Bc4 e6 10. Be3 Nb4 11. Na3 c6 12. Bd2 Nd5 13. Bxd5 exd5 14. O-O Be7
15. Nb1 O-O 16. b4 Bf6 17. Qd3 a5 18. a4 b6 19. Ra3 axb4 20. Bxb4 bxc5 21. Bxc5
Nxc5 22. dxc5 Qe7 23. Qe3 Qxe3 24. fxe3 Ra5 25. Nd2 Rxc5 26. a5 Ra8 27. a6 Rc3
28. Ra4 Rxe3 29. Rb1 Re7 30. Rb7 c5 31. Kf1 g6 32. Rxe7 Bxe7 33. Nb3 Kg7 34.
Ke2 Kf6 35. Ra5 Ke6 36. Nxc5+ Bxc5 37. Rxc5 Rxa6 38. Rc8 h5 39. Re8+ Kf5 40.
Rf8 f6 41. Kf3 Ra3+ 42. Kf2 h4 43. Rd8 Ra2+ 44. Kf1 Rd2 45. Re8 g5 46. Kg1 Kf4
47. Kh2 f5 48. Re1 Rf2 49. Kh1 d4 50. Kg1 Re2 51. Rf1+ Ke4 52. Kh2 d3 53. Rf3
0-1

[Event "Australian Reserves"]
[Site "Adelaide"]
[Date "2004.01.08"]
[Round "9.7"]
[White "Safarian, Alek"]
[Black "Stead, Kerry"]
[Result "1-0"]
[WhiteElo "1899"]
[BlackElo "1935"]
[PlyCount "103"]
[EventDate "2003.12.29"]
[EventType "swiss"]
[EventRounds "11"]
[EventCountry "AUS"]

1. d4 Nf6 2. c4 c5 3. d5 b5 4. cxb5 a6 5. f3 e6 6. e4 exd5 7. e5 Qe7 8. Qe2 Ng8
9. Nc3 Bb7 10. Nh3 c4 11. Be3 axb5 12. O-O-O Qxe5 13. f4 Qe7 14. Rxd5 b4 15.
Re5 Qxe5 16. fxe5 bxc3 17. bxc3 Ba3+ 18. Kb1 Be4+ 19. Ka1 Ne7 20. Qg4 Bf5 21.
Qf3 Nbc6 22. g4 Be6 23. Rg1 Rb8 24. Nf4 Bb2+ 25. Kb1 Bxc3+ 26. Kc1 Nxe5 27. Qe4
d5 28. Qc2 Bb2+ 29. Kd1 Bxg4+ 30. Rxg4 Nxg4 31. Qa4+ Kf8 32. Bc5 Nf6 33. Qa7
Re8 34. Bxe7+ Rxe7 35. Qb8+ Re8 36. Qxb2 h5 37. Qb5 Rh6 38. Bg2 Rd8 39. Qa5 Rd7
40. Kc1 d4 41. Qc5+ Kg8 42. Qxc4 g5 43. Nd5 Kh7 44. Qc6 Rxd5 45. Bxd5 Nxd5 46.
Qxd5 Rf6 47. Kd2 Rf2+ 48. Kd3 Kg6 49. a4 g4 50. Qxd4 Rf3+ 51. Ke2 f5 52. a5 1-0

[Event "Australian Reserves"]
[Site "Adelaide"]
[Date "2004.01.08"]
[Round "9.8"]
[White "Krstic, Slobodan"]
[Black "Holt, Kenneth P"]
[Result "1-0"]
[WhiteElo "1922"]
[BlackElo "1835"]
[PlyCount "67"]
[EventDate "2003.12.29"]
[EventType "swiss"]
[EventRounds "11"]
[EventCountry "AUS"]

1. e4 c6 2. d4 d5 3. e5 Bf5 4. c4 dxc4 5. Bxc4 e6 6. Nc3 Nd7 7. Nge2 Nb6 8. Bb3
Ne7 9. Ng3 Bg6 10. h4 h6 11. h5 Bh7 12. Be3 Ned5 13. O-O Be7 14. Qg4 Rg8 15.
Rac1 Qd7 16. a4 f5 17. Qe2 g5 18. hxg6 Rxg6 19. Bd2 Bh4 20. a5 Nxc3 21. bxc3
Nd5 22. c4 Nc7 23. d5 exd5 24. e6 Rxe6 25. Qh5+ Bg6 26. Qxh4 dxc4 27. Bxc4 Qxd2
28. Bxe6 Nxe6 29. Rfe1 Kf7 30. Rcd1 Qg5 31. Rd7+ Kf6 32. Qc4 Bf7 33. Qc3+ Kg6
34. Rxe6+ 1-0

[Event "Australian Reserves"]
[Site "Adelaide"]
[Date "2004.01.08"]
[Round "9.9"]
[White "Frost, Peter"]
[Black "Dizdarevic, Mehmedalija"]
[Result "0-1"]
[WhiteElo "1747"]
[BlackElo "1917"]
[PlyCount "128"]
[EventDate "2003.12.29"]
[EventType "swiss"]
[EventRounds "11"]
[EventCountry "AUS"]

1. d4 Nf6 2. c4 g6 3. Nc3 Bg7 4. e4 d6 5. f3 O-O 6. Be3 e5 7. d5 Nh5 8. Qd2 f5
9. O-O-O a6 10. Kb1 Nd7 11. Nge2 Ndf6 12. c5 fxe4 13. Nxe4 Nxe4 14. fxe4 Bg4
15. cxd6 cxd6 16. Rc1 Rc8 17. Rxc8 Qxc8 18. Nc3 b5 19. Be2 Qd7 20. a3 Nf4 21.
Bf3 Bxf3 22. gxf3 Qh3 23. Qd1 Ng2 24. Bb6 Rxf3 25. Rf1 Nh4 26. Rxf3 Nxf3 27. a4
b4 28. Na2 b3 29. Nc1 Qg4 30. Nxb3 Qxe4+ 31. Qc2 Qxd5 32. Qc8+ Bf8 33. Qc2 Ne1
34. Qc3 Qe4+ 35. Kc1 Nd3+ 36. Kb1 Nb4+ 37. Ka1 Nd5 38. Qa5 Nb4 39. Nd2 Qe1+ 40.
Nb1 d5 41. Bc7 Nc2+ 42. Ka2 Qxa5 43. Bxa5 Kf7 44. Kb3 Nd4+ 45. Kc3 Bc5 46. Nd2
Ke7 47. b4 Bd6 48. Bb6 Ne6 49. Nb3 e4 50. a5 Bxh2 51. b5 Be5+ 52. Kd2 Kd7 53.
bxa6 Kc8 54. a7 Kb7 55. a6+ Ka8 56. Na5 Bd4 57. Bxd4 Nxd4 58. Ke3 Nb5 59. Nc6
g5 60. Ne7 Nc7 61. Ng8 Kxa7 62. Nf6 h6 63. Ng8 h5 64. Nf6 h4 0-1

[Event "Australian Reserves"]
[Site "Adelaide"]
[Date "2004.01.08"]
[Round "9.10"]
[White "Silas, Frank"]
[Black "McColl, Kevin"]
[Result "0-1"]
[WhiteElo "1843"]
[BlackElo "1881"]
[PlyCount "68"]
[EventDate "2003.12.29"]
[EventType "swiss"]
[EventRounds "11"]
[EventCountry "AUS"]

1. e4 d6 2. d4 Nf6 3. Nc3 g6 4. Bg5 Nbd7 5. Nf3 Bg7 6. Bc4 O-O 7. Qd2 e5 8.
dxe5 Nxe5 9. Nxe5 dxe5 10. Qxd8 Rxd8 11. Nd5 Rd6 12. Bxf6 Bxf6 13. Nxc7 Rc6 14.
Nxa8 Rxc4 15. O-O-O Be6 16. Rd6 Be7 17. Nb6 Bxd6 18. Nxc4 Bxc4 19. Rd1 Bc5 20.
Rd8+ Kg7 21. Rc8 b6 22. Rc7 a5 23. a3 Bf1 24. f3 Bxg2 25. c3 Bxf3 26. b4 axb4
27. cxb4 Be3+ 28. Kb2 Bxe4 29. a4 Bd2 30. Kb3 Bd5+ 31. Ka3 e4 32. a5 bxa5 33.
bxa5 Bxa5 34. Rc5 e3 0-1

[Event "Australian Reserves"]
[Site "Adelaide"]
[Date "2004.01.08"]
[Round "9.11"]
[White "Peters, Duncan"]
[Black "Lindberg, Douglas"]
[Result "1-0"]
[WhiteElo "1887"]
[BlackElo "1620"]
[PlyCount "63"]
[EventDate "2003.12.29"]
[EventType "swiss"]
[EventRounds "11"]
[EventCountry "AUS"]

1. e4 e6 2. Nf3 d5 3. e5 c5 4. b4 cxb4 5. a3 Nc6 6. axb4 Bxb4 7. c3 Be7 8. d4
Bd7 9. Bd3 a6 10. O-O b5 11. Nbd2 Na5 12. Ba3 Nc4 13. Nxc4 bxc4 14. Bc2 Bxa3
15. Rxa3 Ne7 16. Qd2 O-O 17. h4 h6 18. Rfa1 a5 19. h5 Nc6 20. Bb1 f5 21. exf6
Qxf6 22. Qb2 Rfb8 23. Qe2 Rb3 24. Qc2 Rxa3 25. Qh7+ Kf7 26. Rxa3 Ke7 27. Ra2 a4
28. Qc2 Qf5 29. Qb2 Qf4 30. Bc2 Nd8 31. Ne5 Qd2 32. Qb4+ 1-0

[Event "Australian Reserves"]
[Site "Adelaide"]
[Date "2004.01.08"]
[Round "9.12"]
[White "Cooke, Tristrom P"]
[Black "Tulevski, Vasil G"]
[Result "0-1"]
[WhiteElo "1486"]
[BlackElo "1871"]
[PlyCount "102"]
[EventDate "2003.12.29"]
[EventType "swiss"]
[EventRounds "11"]
[EventCountry "AUS"]

1. e4 c5 2. Bc4 Nc6 3. Nf3 e6 4. Qe2 a6 5. Bb3 Na5 6. O-O Qc7 7. c3 Nxb3 8.
axb3 d6 9. d4 Ne7 10. Na3 Bd7 11. Be3 Bc6 12. dxc5 Bxe4 13. cxd6 Qxd6 14. Rfd1
Bxf3 15. Qxf3 Qc6 16. Qxc6+ Nxc6 17. Bb6 Rc8 18. Nc4 Nb8 19. Nd6+ Bxd6 20. Rxd6
Ke7 21. Rad1 f6 22. f3 Rhe8 23. b4 Rc6 24. Bc5 Kf7 25. Rxc6 bxc6 26. Rd6 e5 27.
Ba7 Ke7 28. Bxb8 Rxb8 29. Rxc6 a5 30. bxa5 Rxb2 31. Rb6 Rc2 32. Rb3 Ra2 33. Rb5
g5 34. c4 h5 35. Rb7+ Ke6 36. Rb6+ Ke7 37. a6 f5 38. Rb7+ Kd6 39. a7 g4 40.
fxg4 hxg4 41. Kf1 Kc5 42. Rc7+ Kd4 43. Ke1 Kd3 44. Re7 e4 45. Rd7+ Ke3 46. Rd1
Rxa7 47. c5 Rc7 48. Rd5 f4 49. g3 f3 50. Kf1 Ra7 51. Rd1 Ra2 0-1

[Event "Australian Reserves"]
[Site "Adelaide"]
[Date "2004.01.08"]
[Round "9.13"]
[White "Shaw, Robin A"]
[Black "Oks, Oliver"]
[Result "0-1"]
[WhiteElo "1607"]
[BlackElo "1799"]
[PlyCount "114"]
[EventDate "2003.12.29"]
[EventType "swiss"]
[EventRounds "11"]
[EventCountry "AUS"]

1. e4 e5 2. Nf3 d6 3. d4 exd4 4. Nxd4 Nf6 5. Nc3 g6 6. Bg5 Bg7 7. Be2 O-O 8.
Qd2 Nc6 9. Nxc6 bxc6 10. h4 Qe8 11. f3 Rb8 12. Bh6 Rxb2 13. Bxg7 Kxg7 14. h5
Qe5 15. O-O-O Rb6 16. hxg6 fxg6 17. Bc4 Be6 18. Bb3 Bxb3 19. cxb3 Nh5 20. Qd4
Qxd4 21. Rxd4 Nf4 22. Rd2 Ra6 23. Kb2 Ra5 24. g3 Nh5 25. g4 Nf4 26. Rdh2 h5 27.
Kc2 d5 28. b4 Ra3 29. Kb2 Ra6 30. Rd1 Rb6 31. a3 Rd8 32. Rhd2 a5 33. Kb3 axb4
34. axb4 Rdb8 35. Na2 hxg4 36. fxg4 Rh8 37. exd5 cxd5 38. Rd4 g5 39. Nc3 c6 40.
Re1 Kf6 41. Re3 Rh4 42. b5 Rxg4 43. Ka4 cxb5+ 44. Ka5 Rb8 45. Nxb5 Rg1 46. Ra3
Ke5 47. Rb4 Ra8+ 48. Kb6 Rxa3 49. Nxa3 d4 50. Nc4+ Ke4 51. Nd2+ Kd3 52. Nf3
Nd5+ 53. Kb5 Nxb4 54. Nxg1 Nc2 55. Nf3 Ke3 56. Nxg5 d3 57. Ne6 Nd4+ 0-1

[Event "Australian Reserves"]
[Site "Adelaide"]
[Date "2004.01.08"]
[Round "9.14"]
[White "Ly, Moulthun"]
[Black "Alkin, John"]
[Result "1/2-1/2"]
[WhiteElo "1646"]
[BlackElo "1583"]
[PlyCount "82"]
[EventDate "2003.12.29"]
[EventType "swiss"]
[EventRounds "11"]
[EventCountry "AUS"]

1. d4 d5 2. e4 dxe4 3. Nc3 Nf6 4. f3 exf3 5. Nxf3 Bg4 6. h3 Bxf3 7. Qxf3 c6 8.
Qf2 e6 9. Bg5 Be7 10. Bd3 O-O 11. O-O Nbd7 12. Qh4 g6 13. Ne4 Nd5 14. c4 Bxg5
15. Nxg5 N5f6 16. Qh6 Qe7 17. Rf4 Rfe8 18. Raf1 e5 19. dxe5 Qxe5 20. Ne4 Qd4+
21. Kh1 Rxe4 22. Bxe4 Nxe4 23. Qh4 Re8 24. Rxf7 h5 25. Qf4 Ndf6 26. Rxf6 Qxf6
27. Qxf6 Nxf6 28. Rxf6 Re1+ 29. Kh2 Re2 30. Rxg6+ Kh7 31. Rg3 Rxb2 32. Rb3 Rxb3
33. axb3 c5 34. g4 hxg4 35. hxg4 a6 36. Kg3 b5 37. cxb5 axb5 38. Kf3 Kg6 39.
Ke4 Kg5 40. Kd5 c4 41. bxc4 bxc4 1/2-1/2

[Event "Australian Reserves"]
[Site "Adelaide"]
[Date "2004.01.08"]
[Round "9.15"]
[White "Bristina, Husein"]
[Black "Obst, James"]
[Result "0-1"]
[WhiteElo "1614"]
[BlackElo "1539"]
[PlyCount "74"]
[EventDate "2003.12.29"]
[EventType "swiss"]
[EventRounds "11"]
[EventCountry "AUS"]

1. e4 c5 2. Nf3 d6 3. d4 cxd4 4. Nxd4 Nf6 5. Nc3 Nc6 6. Bc4 Qb6 7. Nxc6 bxc6 8.
O-O g6 9. Bg5 Bg7 10. Qd2 O-O 11. Bb3 Ba6 12. Rfe1 Ng4 13. h3 Nf6 14. Bh6 Nd7
15. Bxg7 Kxg7 16. Rad1 Ne5 17. Na4 Qb5 18. f4 Nc4 19. Bxc4 Qxc4 20. b3 Qb5 21.
f5 Qe5 22. c4 Rad8 23. Qe3 Rd7 24. Nc3 e6 25. fxe6 fxe6 26. Rd2 c5 27. Red1 Bb7
28. Na4 Rdf7 29. Qd3 Rf4 30. Qxd6 Qxe4 31. Nxc5 Qe3+ 32. Kh2 Bc8 33. Nd7 Bxd7
34. Qxd7+ R8f7 35. Qd3 Qe5 36. Qg3 h5 37. h4 $4 Rxh4+ 0-1

[Event "Australian Reserves"]
[Site "Adelaide"]
[Date "2004.01.08"]
[Round "9.16"]
[White "Tsagarakis, Angelo"]
[Black "Short, Andrew"]
[Result "0-1"]
[WhiteElo "1889"]
[BlackElo "1482"]
[PlyCount "142"]
[EventDate "2003.12.29"]
[EventType "swiss"]
[EventRounds "11"]
[EventCountry "AUS"]

1. e4 d6 2. d4 Nf6 3. Nc3 g6 4. Bc4 Nc6 5. Be3 Bg7 6. f3 e5 7. d5 Nb8 8. Nge2
a6 9. g4 h5 10. g5 Nh7 11. h4 Nd7 12. a4 b6 13. Na2 Nhf8 14. Nb4 Nb8 15. Qd3
Bb7 16. a5 Nfd7 17. Nc6 Bxc6 18. dxc6 Nxc6 19. Qd5 O-O 20. Qxc6 Kh7 21. Ng3 f6
22. O-O fxg5 23. hxg5 Rf4 24. Kf2 Qxg5 25. Qxd7 Raf8 26. Bxf4 exf4 27. Ne2 Qc5+
28. Kg2 Qxc4 29. Rf2 g5 30. Rh1 Kh6 31. b3 Qc5 32. Qe6+ Rf6 33. Qd5 Qe3 34. Qd4
Re6 35. Qxe3 fxe3 36. Rff1 bxa5 37. Rd1 Be5 38. Rd5 c5 39. c3 Re8 40. Rdd1 Rb8
41. Rb1 Kg6 42. Rhc1 h4 43. Kh3 Kh5 44. Rc2 a4 45. Rcb2 Rf8 46. Ng1 Bxc3 47.
bxa4 Bxb2 48. Rxb2 Rf4 49. Rg2 d5 50. exd5 Rd4 51. Re2 g4+ 52. fxg4+ Rxg4 53.
Kh2 Rxa4 54. Rxe3 Rd4 55. Re5+ Kg4 56. Kg2 Rd2+ 57. Ne2 h3+ 58. Kh2 c4 59. Kg1
a5 60. Re4+ Kf3 61. Nc3 Rxd5 62. Rxc4 Re5 63. Rc8 Re3 64. Rf8+ Kg4 65. Rg8+ Kf3
66. Rf8+ Kg4 67. Rg8+ Kf3 68. Rh8 Kg4 69. Nd5 Ra3 70. Rg8+ Kh4 71. Nf4 Rg3+ 0-1

[Event "Australian Reserves"]
[Site "Adelaide"]
[Date "2004.01.08"]
[Round "9.17"]
[White "Mendes da Costa, Alex"]
[Black "Yachou, Nur"]
[Result "0-1"]
[WhiteElo "1620"]
[BlackElo "1764"]
[PlyCount "78"]
[EventDate "2003.12.29"]
[EventType "swiss"]
[EventRounds "11"]
[EventCountry "AUS"]

1. e4 c5 2. Nf3 d6 3. c3 Nf6 4. Be2 e6 5. O-O Be7 6. Re1 Nbd7 7. Bf1 Qc7 8. d4
a6 9. Nbd2 b6 10. e5 Nd5 11. c4 Nb4 12. a3 Nc6 13. exd6 Qxd6 14. Ne4 Qb8 15. d5
Nd8 16. Bg5 f6 17. dxe6 Nxe6 18. Nd6+ Qxd6 19. Qxd6 Bxd6 20. Rxe6+ Be7 21. Rae1
Ne5 22. Rxe7+ Kxe7 23. Nxe5 Kf8 24. Bh4 fxe5 25. Rxe5 Ra7 26. Bd8 Rb7 27. g3
Kf7 28. Bg5 h6 29. Be3 Rd7 30. Be2 Rhd8 31. Re4 Rd1+ 32. Bxd1 Rxd1+ 33. Kg2 Bb7
34. Kf3 Rb1 35. b4 cxb4 36. a4 b3 37. Kf4 Bxe4 38. Kxe4 b2 39. Kd3 Rc1 0-1

[Event "Australian Reserves"]
[Site "Adelaide"]
[Date "2004.01.08"]
[Round "9.18"]
[White "Stewart, Scott"]
[Black "Davis, Tony J"]
[Result "1-0"]
[WhiteElo "1618"]
[BlackElo "1748"]
[PlyCount "67"]
[EventDate "2003.12.29"]
[EventType "swiss"]
[EventRounds "11"]
[EventCountry "AUS"]

1. e4 e6 2. d4 d5 3. Nc3 Bb4 4. e5 c5 5. a3 Bxc3+ 6. bxc3 Qc7 7. h4 cxd4 8.
cxd4 Qc3+ 9. Bd2 Qxd4 10. Nf3 Qa4 11. h5 h6 12. Rh4 Qd7 13. Rb1 Ne7 14. Bd3
Nbc6 15. Kf1 Qc7 16. Rg4 Bd7 17. Rxg7 O-O-O 18. Rxf7 Be8 19. Rf6 Bxh5 20. Qe1
Rhf8 21. Qe3 Bg4 22. Nd4 Qxe5 23. Qxe5 Nxe5 24. Rxf8 Rxf8 25. Bb5 a6 26. Ba4
Nc4 27. Bb4 Rf4 28. Nxe6 Bxe6 29. Re1 Nf5 30. Rxe6 Rh4 31. g3 Rd4 32. Bb3 Rd1+
33. Kg2 Kd7 34. Rf6 {black lost on time} 1-0